书目信息 |
| 题名: |
中华人民共和国行政区划简册
|
|
| 作者: | 中华人民共和国民政部 编 ;民政部 编 | |
| 分册: | ||
| 出版信息: | 北京 测绘出版社 1986 |
|
| 页数: | 145页 | |
| 开本: | 19cm | |
| 丛书名: | ||
| 单 册: | ||
| 中图分类: | K928.2 | |
| 科图分类: | ||
| 主题词: | 政区--中国 | |
| 电子资源: | ||
| ISBN: | ||
| 000 | 00875nam0 2200241 45 | |
| 001 | 0185016376 | |
| 005 | 20061120161409.23 | |
| 010 | @dCNY0.80 | |
| 100 | @a19951107d1986 em y0chiy0121 ea | |
| 101 | 0 | @achi |
| 102 | @aCN@b110000 | |
| 105 | @ay z 000yy | |
| 200 | 10 | @a中华人民共和国行政区划简册@e截至一九八五年底的资料@Azhong hua ren min gong he guo xing zheng qu huai jian ce@f中华人民共和国民政部编@Fzhong hua ren min gong he guo min zheng bu bian |
| 210 | @a北京@c测绘出版社@d1986 | |
| 215 | @a145页@d19cm | |
| 517 | 1 | @a截至一九八五年底的资料@Ajie zhi yi jiu ba wu nian di de zi liao |
| 606 | @a政区@y中国 | |
| 690 | @aK928.2@v3 | |
| 701 | 0 | @a中华人民共和国民政部@Azhong hua ren min gong he guo min zheng bu@4编 |
| 711 | 02 | @a民政部@4编@Amin zheng bu |
| 801 | 2 | @aCN@bNLC@c20061120 |
| 801 | 0 | @aCN@b深圳图书馆@c20040512 |
| 905 | @f2@b137099-100@dK928.2@e121 | |
| 中华人民共和国行政区划简册:截至一九八五年底的资料/中华人民共和国民政部编.-北京:测绘出版社,1986 |
| 145页;19cm |
| ISBN :CNY0.80 |
| ● |
| 相关链接 |
|
|
|
|
正题名:中华人民共和国行政区划简册
索取号:K928.2/121
 
预约/预借
| 序号 | 登录号 | 条形码 | 馆藏地/架位号 | 状态 | 备注 |
| 1 | 0174756 | 202091164 | 第二样本阅览室/ [索取号:K928.2/121] | 在馆 |